000 00752nam a2200229 a 4500
001 13482
003 BD-JhCC
005 20231016084209.0
008 231016b20122022bg | ||| ||a| 000 0 b d
020 _a9789848964355
035 _a(BD-JhCC)13482
040 _aBD-JhCC
_dBD-JhCC
041 _abengali
082 _a782.01
_bRAF 2022
100 _aরফিকউজ্জামান,মোহাম্মদ
245 _aবাংলা গান রচনাকৌশল ও শুদ্ধতা /
_cমোহাম্মদ রফিকউজ্জামান।
260 _aঢাকা:
_bহাওলাদার প্রকাশনী;
_c2022.
300 _a192 p. :
_c22 cm.
650 _aMusic
942 _2ddc
_cBK
999 _c13482
_d13482